| 000 | 00451 a2200157 4500 | ||
|---|---|---|---|
| 003 | NUST | ||
| 005 | 20230228144247.0 | ||
| 040 | _cNust | ||
| 082 | _a500,SHA | ||
| 100 |
_aShahzad, Ahmad _9109647 |
||
| 245 |
_aAj Aur Kal Science Ky Aien-e -Mian / آج اور کل سا ئنس کے آئینے میں (Urdu) / _cShahzad Ahmad |
||
| 260 |
_aLahore _bTekhliqat _c1995 |
||
| 300 | _a268:p. | ||
| 650 |
_ascience (Urdu) _9109648 |
||
| 942 |
_2ddc _cBK _k500,SHA |
||
| 999 |
_c188016 _d188016 |
||